| 000 | 00000nam 2200000za 4500 |
| 001 | 9.801394 |
| 003 | CaOODSP |
| 005 | 20250505092336 |
| 007 | cr ||||||||||| |
| 008 | 150407s2012||||xxco||||o f000 0 chi d |
| 040 | |aCaOODSP|bfre |
| 043 | |an-cn--- |
| 086 | 1 |aNH21-1/2012Chi2-PDF|zNH21-1/2012Ch-PDF |
| 245 | 00|aL'achat de votre première maison au Canada |h[ressource électronique] : |bguide à l'intention des nouveaux arrivants. |
| 250 | |a[Édition chinois simplifié]. |
| 260 | |a[Ottawa] : |b[Société canadienne d'hypothèques et de logement],|cc2012. |
| 300 | |a8 p. : |bphotographies. |
| 546 | |aTexte en chinois simplifié. |
| 692 | 07|2gccst|aImmigrant |
| 692 | 07|2gccst|aLogement |
| 710 | 2 |aSociété canadienne d'hypothèques et de logement. |
| 775 | 08|tL'achat de votre première maison au Canada : |w(CaOODSP)9.644023 |
| 791 | |tBuying your first home in Canada |eeng|w(CaOODSP)9.801393 |
| 856 | 40|qPDF|s4.31 Mo|uhttps://publications.gc.ca/collections/collection_2015/schl-cmhc/NH21-1-2012-chi.pdf |